000 00581nam a2200181Ia 4500
003 GCL
008 140319s9999 xx 000 0 ara d
040 _aGCL /
_cGCL
082 0 4 _aافلام ت
_b10
100 1 _aمحمد خليل نصر (مصور)
245 1 0 _aالمدرسة الجوهرية(22 دقيقة) /
_cمحمد خليل نصر (مصور)
700 1 _aعبداللطيف عمر
260 _a[S.N] :
_bالمركز القومى للسينما ،
_c1983
490 _a
650 0 4 _aشرائط فيديو
650 0 4 _aافلام تسجيلية
942 _2ddc
_cBK
999 _c33742
_d33742